00467 2200169 4500245003800000020002200038250001200060100001400072650001600086005001900102260004200121041001400163084000800177300002300185500008000208336000900288 aSpring in LondoncIlana TanhText a978-979-22-5376-4 aCet. 16 aIlana Tan aNovel Fiksi a20231005111355 aJakartabGramedia Pustaka Utamac2013 aIndonesia a813 a240 hlm. :c20 cm. aGadis itu tidak menyukainya, Kenapa? Astaga, ia-Danny-jo adalah orang baik. atext